| 000 | 00533nam a2200169 a 4500 | ||
|---|---|---|---|
| 001 | 17896 | ||
| 005 | 20180713211106.0 | ||
| 008 | 140415s1993 mx 000 0 spa d | ||
| 041 | _aspa | ||
| 082 |
_a363.737 _bACA |
||
| 100 | 1 | _aACADEMIA MEXICANA DE INGENIERIA | |
| 245 | 1 | 0 |
_aMEMORIA DEL COLOQUIO INTERNACIONAL : _bEL RETO DE DESASTRES TECNOLOGICOS Y ECOLOGICOS |
| 250 | _a1a ed. | ||
| 260 |
_aMEXICO : _bCONSEJO NACIONAL DE CIENCIA Y TECNOLOGIA, _c1993 |
||
| 300 | _a157 | ||
| 650 | 1 | 4 |
_aCONTAMINACION _xPREVENCION |
| 999 |
_c17896 _d17896 |
||